Click Elimination - Animals by Category - Sudden Death! - Statistics

General Stats
  • This quiz has been taken 31,062 times
  • The average score is 10 of 24
Answers on the Map
Answers color-coded by a green-red scale on the quiz's map according to % correct below.
 
Answer Stats
Answer % Correct
T-Rex
91%
Mammoth
85%
Dodo
84%
Pterosaur
84%
Butterfly
52%
Wasp
52%
Eagle
48%
Fruit Bat
47%
Blue Jay
42%
Rhino
42%
Narwhal
41%
Tarantula
35%
Penguin
34%
Platypus
33%
Octopus
31%
Viper
29%
Lobster
25%
Chameleon
21%
Sailfish
17%
Crocodile
15%
Dingo
15%
Dolphin
11%
Python
10%
Zebra
6%
No matching quizzes found
Score Distribution
Percent of People with Each Score
Percentile by Number Answered
Your Score History
You have not taken this quiz